| Tag |
First Indicator |
Second Indicator |
Subfields |
| LEADER |
00000cam a2200000 4500 |
| 001 |
in00000313367 |
| 005 |
20151010141833.0 |
| 008 |
720911s1932 nyu b 00000 eng |
| 010 |
|
|
|a 32028015
|
| 035 |
|
|
|a (OCoLC)00403824
|
| 035 |
|
|
|9 ABH3669AM
|
| 040 |
|
|
|c WSU
|d TXA
|d UtOrBLW
|
| 049 |
|
|
|a TXAM
|c [108861]
|
| 050 |
|
0 |
|a DG77
|b .H3
|
| 082 |
0 |
|
|a 870.9
|
| 100 |
1 |
|
|a Hamilton, Edith,
|d 1867-1963.
|
| 245 |
1 |
4 |
|a The Roman way.
|
| 264 |
|
1 |
|a New York :
|b W.W. Norton & company, inc.,
|c [1932]
|
| 264 |
|
4 |
|c [©1932]
|
| 300 |
|
|
|a xp., 3 ., 3-281 pages ;
|c 22 cm.
|
| 336 |
|
|
|a text
|b txt
|2 rdacontent
|
| 337 |
|
|
|a unmediated
|b n
|2 rdamedia
|
| 338 |
|
|
|a volume
|b nc
|2 rdacarrier
|
| 500 |
|
|
|a "First edition."
|
| 504 |
|
|
|a "References": pages 277-281.
|
| 505 |
0 |
|
|a Comedy's mirror.--Ancinet Rome reflected in Plautus and Terence.--The comic spirit in Plautus and Terence.--Cicero's Rome: the republic.--Cicero himself.--Caesar andCicero.--Catullus.--Horace.--The Rome of Augustus as Horace saw it.--The Roman way.--Enter the romantic Roman: Virgil, Livy, Seneca.--Juvenal's Rome and the Stoics.--The end of antiquity.--Chronology.
|
| 650 |
|
0 |
|a Latin literature
|x History and criticism.
|
| 651 |
|
0 |
|a Rome
|x Civilization.
|
| 999 |
|
|
|a MARS
|
| 999 |
f |
f |
|s 470deed4-79b5-30b1-9cdb-2ccc027ff075
|i 0e2e6028-4dbf-3c0d-b171-87b203914c80
|t 0
|
| 952 |
f |
f |
|p ric
|a Texas A&M University
|b Rellis Campus
|c Joint Library Facility
|d Remote Storage
|t 0
|e DG77 .H3
|h Library of Congress classification
|i unmediated -- volume
|m A14801986921
|
| 998 |
f |
f |
|a DG77 .H3
|t 0
|l Remote Storage
|